| 000 | 00833nam a22002657a 4500 | ||
|---|---|---|---|
| 001 | 6932 | ||
| 003 | FISKH | ||
| 005 | 20250610145657.0 | ||
| 008 | 250610b cb ||||| |||| 00| 0 eng d | ||
| 040 |
_aFISKH _beng _cFISKH _dFISKH |
||
| 050 | _aQC863.5 .U62 | ||
| 082 | _a551.5 | ||
| 100 | _aUpdegraff, Imelda | ||
| 245 |
_aWeather / _cImelda and Robert Updegraff |
||
| 260 |
_aLondon : _bMethuen Children's Books, _c1980. |
||
| 300 |
_a24 pages : _bcolor illustrations ; _c20 x 21cm |
||
| 505 | _aq | ||
| 520 | _aAn introduction to weather and such elements of it as rain, wind, fronts, storms, hurricanes, and tornadoes. | ||
| 521 | 8 |
_a660
_bLexile estimate |
|
| 521 | 8 |
_aQ
_bRaz-Plus |
|
| 650 |
_aWeather _vScience & Nature |
||
| 700 |
_aUpdegraff, Robert _eAuthor |
||
| 942 |
_2ddc _cBK _n0 |
||
| 999 |
_c6932 _d6932 |
||